| 000 | 004870000a22001690004500 | ||
|---|---|---|---|
| 003 | MACL | ||
| 005 | 20151230120918.0 | ||
| 008 | 151230b xxu||||| |||| 00| 0 eng d | ||
| 040 |
_aMACL _cMACL |
||
| 041 | _aEnglish | ||
| 082 | _a291/HUG | ||
| 100 |
_aFriedrich, Baron _924660 |
||
| 245 |
_aThe Mystical Element of Religion _bAs Studied in Saint Catherine of Genoa and Her Friends vol 1 |
||
| 260 |
_bJ M Dent & Sons LTD _c1908 |
||
| 650 |
_aReligion _924661 |
||
| 942 |
_cBK _k291/HUG _2ddc |
||
| 999 |
_c39355 _d39355 |
||